Lokalizácia objektov vo vnútornom prostredí z kamery pomocou Tensorflow

Enregistré dans:
Détails bibliographiques
Auteur principal: Göndör, Gergely (Auteur)
Autres auteurs: Sojka, Adam (Directeur de thèse)
Format: Manuscrit Livre
Langue:slovaque
Publié: Bratislava : STU v Bratislave FEI, 2022
Sujets:
Accès en ligne:https://opac.crzp.sk/?fn=detailBiblioFormChildS1ARMG&sid=378281AEB05FBF71773CCAA6EBFA&seo=CRZP-detail-kniha
Tags: Ajouter un tag
Pas de tags, Soyez le premier à ajouter un tag!

MARC

LEADER 00000ntm a22000003a 4500
001 stuzp87326
003 SK-STU
005 20230314144543.9
007 ta
008 150427s2015----xo-----f-mn---000-0-slo-d
040 |a STU  |b slo 
041 0 |a slo 
044 |a xo 
100 1 |a Göndör, Gergely  |u 031000  |4 aut  |U FEI Fakulta elektrotechniky a informatiky  |T FEI Ústav robotiky a kybernetiky  |X 104237  |U E011  |Y 356  |7 104237 
242 0 1 |a Localization of Objects in Inside Environment from a Camera with Tensorflow  |y eng 
245 1 0 |a Lokalizácia objektov vo vnútornom prostredí z kamery pomocou Tensorflow 
260 |a Bratislava :  |b STU v Bratislave FEI,  |c 2022 
300 |a 60 s., príl. 
650 4 |a segmentácia  |2 slo 
650 4 |a lokalizácia  |2 slo 
650 4 |a hlboké učenie  |2 slo 
650 4 |a deep learning  |2 eng 
650 4 |a segmentation  |2 eng 
650 4 |a localization  |2 eng 
700 1 |a Sojka, Adam  |u 031000  |k Z3  |4 ths  |U FEI Fakulta elektrotechniky a informatiky  |T FEI Ústav robotiky a kybernetiky  |X 72515  |U E011  |Y 356  |7 72515 
856 4 |u https://opac.crzp.sk/?fn=detailBiblioFormChildS1ARMG&sid=378281AEB05FBF71773CCAA6EBFA&seo=CRZP-detail-kniha